[Event "Frankfurt-chB"]
[Site "Frankfurt"]
[Date "2017.05.29"]
[Round "6"]
[White "Mook, Karl Juergen"]
[Black "Pessotschinski, Eduard"]
[Result "0-1"]
[WhiteElo "1262"]
[BlackElo "1155"]
[PlyCount "154"]
[EventDate "2017.04.24"]
[EventType "swiss"]
[EventRounds "7"]
[EventCountry "GER"]
[SourceTitle "EXT 2018"]
[Source "ChessBase"]
[SourceDate "2017.10.13"]
[SourceVersion "1"]
[SourceVersionDate "2017.10.13"]
[SourceQuality "1"]

1. e4 c5 2. Nf3 d6 3. d4 cxd4 4. Nxd4 Nf6 5. Nc3 g6 6. g3 Bg7 7. Bg2 e5 8. Ndb5 Ke7 9. 0-0 a6 10. Na3 Nc6 11. Nd5+ Nxd5 12. exd5 Nd4 13. c3 Nf5 14. Nc2 Re8 15. Re1 Kf8 16. Ne3 Kg8 17. Nxf5 Bxf5 18. g4 Bd7 19. c4 Qb6 20. h3 f5 21. Rb1 f4 22. Re4 Bf6 23. Qe2 Bh4 24. Bd2 Rf8 25. Be1 Rf7 26. Qf3 Raf8 27. Qa3 h5 28. Bf3 Qd8 29. Qxd6 Qg5 30. Qxe5 Bf5 31. Bc3 Rh7 32. Rxf4 Bxb1 33. Qe6+ Rhf7 34. Rxf7 Rxf7 35. Qe8+ Rf8 36. Qe6+ Kh7 37. Qd7+ Qe7 38. Qxe7+ Bxe7 39. Kg2 hxg4 40. Bxg4 Bxa2 41. Be2 Bf6 42. d6 Bxc3 43. bxc3 Rd8 44. c5 Kg7 45. Bg4 Kf6 46. Bf3 Rd7 47. Bg4 Be6 48. Bf3 Ke5 49. Kg3 a5 50. Bd1 Bf7 51. Ba4 Rd8 52. f4+ Ke4 53. Bc2+ Ke3 54. f5 gxf5 55. Bxf5 Kd2 56. Be4 Kxc3 57. Bxb7 a4 58. c6 Rxd6 59. c7 Be6 60. h4 a3 61. h5 Bd7 62. Kf4 a2 63. Ke5 Rh6 64. Bd5 Rxh5+ 65. Kd6 Rxd5+ 66. Kxd5 a1Q 67. Kd6 Bh3 68. Ke7 Qd1 69. Kf8 Qe2 70. Kf7 Kd4 71. Kf8 Kd5 72. Kf7 Kd6 73. Kg6 Qf3 74. Kg7 Ke7 75. Kg6 Qf6+ 76. Kh5 Qg7 77. Kh4 Qg4# 0-1

[Event "Frankfurt-chB"]
[Site "Frankfurt"]
[Date "2017.05.22"]
[Round "5"]
[White "Hartwig, Horst"]
[Black "Mook, Karl Juergen"]
[Result "1/2-1/2"]
[WhiteElo "1156"]
[BlackElo "1262"]
[PlyCount "102"]
[EventDate "2017.04.24"]
[EventType "swiss"]
[EventRounds "7"]
[EventCountry "GER"]
[SourceTitle "EXT 2018"]
[Source "ChessBase"]
[SourceDate "2017.10.13"]
[SourceVersion "1"]
[SourceVersionDate "2017.10.13"]
[SourceQuality "1"]

1. e4 e5 2. Nf3 Nc6 3. Bb5 Bc5 4. 0-0 Nd4 5. Bc4 Nf6 6. Ng5 0-0 7. d3 d6 8. c3 Ne6 9. Nxe6 Bxe6 10. Bxe6 fxe6 11. a4 a5 12. Na3 Qe7 13. Nc2 h6 14. Qe2 Qf7 15. d4 Ba7 16. dxe5 dxe5 17. Be3 Bxe3 18. Qxe3 Ng4 19. Qg3 Qh5 20. f3 Nf6 21. b4 Nd7 22. Na3 axb4 23. cxb4 Rxa4 24. Nc2 Rfa8 25. Rad1 Nb6 26. Rd3 Ra2 27. Rc3 Rc8 28. Rc5 Nd7 29. Rc3 c5 30. b5 b6 31. Ne3 Rca8 32. Nc4 Ra1 33. Qf2 Qg6 34. Nd6 Rxf1+ 35. Qxf1 Qg5 36. Rd3 Qe7 37. Nc4 Ra4 38. Rc3 Rb4 39. Na3 Qd6 40. Kh1 Rd4 41. Rc1 Qb8 42. Rd1 Qa7 43. Nc2 Rxd1 44. Qxd1 Qc7 45. Qc1 Qd6 46. Ne3 Qd3 47. Nc4 Kf7 48. h3 Kf6 49. Kh2 Ke7 50. Kg3 Qd4 51. Qc2 Qg1 1/2-1/2

[Event "Heusenstamm Sparkassen op-B 3rd"]
[Site "Heusenstamm"]
[Date "2016.11.27"]
[Round "7"]
[White "Mook, Karl Juergen"]
[Black "Eckhoff, Mathias"]
[Result "1/2-1/2"]
[WhiteElo "1535"]
[BlackElo "968"]
[PlyCount "110"]
[EventDate "2016.11.27"]
[EventType "swiss"]
[EventRounds "7"]
[EventCountry "GER"]
[SourceTitle "EXT 2018"]
[Source "ChessBase"]
[SourceDate "2017.10.13"]
[SourceVersion "1"]
[SourceVersionDate "2017.10.13"]
[SourceQuality "1"]

1. e4 e6 2. d3 d5 3. Nd2 Nf6 4. Ngf3 Be7 5. g3 c5 6. Bg2 Nc6 7. 0-0 0-0 8. e5 Nd7 9. Re1 b5 10. c3 a5 11. Nf1 c4 12. h4 Qc7 13. Bf4 Re8 14. Qe2 Ba6 15. dxc4 bxc4 16. N1h2 a4 17. Qc2 Bb7 18. Ng4 Nf8 19. h5 Red8 20. Rad1 a3 21. Nd4 Nxd4 22. Rxd4 Qb6 23. Rb1 axb2 24. Rxb2 Qa7 25. Be3 Qa6 26. Rd2 Rdb8 27. Rd1 Bc8 28. Rdb1 Rxb2 29. Rxb2 Qa5 30. Bb6 Qa6 31. Be3 Qa5 32. Qd2 Qa3 33. h6 g6 34. Nf6+ Bxf6 35. exf6 Nd7 36. Bf4 Kf8 37. Be3 Rb8 38. Rxb8 Nxb8 39. Bb6 Nd7 40. Bd8 Ke8 41. Be7 Qa7 42. Qb2 Qb7 43. Qa3 Ne5 44. Qd6 Nd7 45. Bh3 Qb1+ 46. Kh2 Qb6 47. Bxe6 Qxf2+ 48. Kh3 Qf1+ 49. Kh4 fxe6 50. Qxe6 Qh1+ 51. Kg4 Qd1+ 52. Kf4 Qf1+ 53. Kg4 Qd1+ 54. Kh3 Qh1+ 55. Kg4 Qd1+ 1/2-1/2

[Event "Heusenstamm Sparkassen op-B 2nd"]
[Site "Heusenstamm"]
[Date "2015.11.29"]
[Round "7"]
[White "Brunner, Andreas"]
[Black "Mook, Karl Juergen"]
[Result "0-1"]
[WhiteElo "1298"]
[BlackElo "1559"]
[PlyCount "62"]
[EventDate "2015.11.26"]
[EventType "swiss"]
[EventRounds "7"]
[EventCountry "GER"]
[SourceTitle "EXT 2018"]
[Source "ChessBase"]
[SourceDate "2017.10.13"]
[SourceVersion "1"]
[SourceVersionDate "2017.10.13"]
[SourceQuality "1"]

1. d4 Nf6 2. c4 e6 3. e3 Bb4+ 4. Bd2 Bxd2+ 5. Nxd2 0-0 6. Bd3 b6 7. Ngf3 d6 8. e4 Bb7 9. h4 Re8 10. Qc2 Nc6 11. Qc3 e5 12. d5 Ne7 13. 0-0-0 h6 14. Nf1 Qd7 15. Ne3 Ng4 16. Qd2 Nxe3 17. Qxe3 Qg4 18. Nh2 Qd7 19. g4 Ng6 20. h5 Nf4 21. g5 Qe7 22. gxh6 gxh6 23. Ng4 Kh7 24. Rdg1 Rg8 25. Kd2 Rg5 26. f3 Rag8 27. Be2 Bc8 28. Nf2 Rxg1 29. Rxg1 Rxg1 30. Ng4 Rg3 31. Bd3 Qg5 0-1

[Event "Karl Mala Memorial op-B 17th"]
[Site "Frankfurt"]
[Date "2014.08.03"]
[Round "6"]
[White "Mook, Karl Juergen"]
[Black "Krastev, Ivan"]
[Result "1/2-1/2"]
[WhiteElo "1570"]
[BlackElo "1446"]
[PlyCount "51"]
[EventDate "2014.07.31"]
[EventType "swiss"]
[EventRounds "7"]
[EventCountry "GER"]
[SourceTitle "EXT 2015"]
[Source "ChessBase"]
[SourceDate "2014.11.20"]
[SourceVersion "1"]
[SourceVersionDate "2014.11.20"]
[SourceQuality "1"]

1. Nf3 Nf6 2. d4 g6 3. c4 d6 4. Nc3 Bg7 5. h3 0-0 6. Bf4 Re8 7. e3 Nbd7 8. Bd3 e5 9. Bg5 h6 10. Bxf6 Qxf6 11. Nd5 Qd8 12. Be2 c6 13. Nc3 exd4 14. Nxd4 Ne5 15. 0-0 Be6 16. Nxe6 Rxe6 17. Rb1 h5 18. Qb3 Qb6 19. Qxb6 axb6 20. a3 Nd7 21. Rfc1 Nc5 22. Bd1 Nd3 23. Rc2 Nxb2 24. Rcxb2 Bxc3 25. Rxb6 Rxa3 26. Rxb7 1/2-1/2

[Event "Karl Mala Memorial op-B 17th"]
[Site "Frankfurt"]
[Date "2014.08.01"]
[Round "3"]
[White "Laux, Dominik"]
[Black "Mook, Karl Juergen"]
[Result "1-0"]
[WhiteElo "1248"]
[BlackElo "1570"]
[PlyCount "93"]
[EventDate "2014.07.31"]
[EventType "swiss"]
[EventRounds "7"]
[EventCountry "GER"]
[SourceTitle "EXT 2015"]
[Source "ChessBase"]
[SourceDate "2014.11.20"]
[SourceVersion "1"]
[SourceVersionDate "2014.11.20"]
[SourceQuality "1"]

1. e4 e5 2. Nf3 Nc6 3. Bc4 Nf6 4. Nc3 Bb4 5. d3 d6 6. h3 0-0 7. 0-0 h6 8. Be3 Be6 9. Bb3 Bxc3 10. bxc3 Bxb3 11. cxb3 Ne7 12. Qd2 Ng6 13. Rfe1 Qd7 14. Rad1 Nh5 15. d4 Qe7 16. b4 Rad8 17. dxe5 Nxe5 18. Nxe5 Qxe5 19. Bd4 Qf4 20. Qe2 Nf6 21. Rd3 Rfe8 22. Rf3 Qxe4 23. Qxe4 Rxe4 24. Rd1 Nd5 25. Rg3 g5 26. Bxa7 Nxc3 27. Rxc3 Ra8 28. Be3 Rxa2 29. Rxc7 Rxb4 30. Rxd6 Ra6 31. Rdd7 Rf6 32. Rxb7 Rxb7 33. Rxb7 Rc6 34. Kh2 Kg7 35. Bd4+ Kg6 36. Rb6 Re6 37. Rxe6+ fxe6 38. g4 h5 39. Kg2 hxg4 40. hxg4 Kh6 41. Kf3 Kg6 42. Ke4 Kf7 43. Ke5 Ke7 44. Be3 Kf7 45. Bxg5 Kg6 46. f4 Kf7 47. Bh4 1-0

[Event "Frankfurt-chB"]
[Site "Frankfurt"]
[Date "2014.05.05"]
[Round "2"]
[White "Giebitz, Walter"]
[Black "Mook, Karl Juergen"]
[Result "1-0"]
[WhiteElo "1387"]
[BlackElo "1180"]
[PlyCount "119"]
[EventDate "2014.04.28"]
[EventType "swiss"]
[EventRounds "7"]
[EventCountry "GER"]
[SourceTitle "EXT 2015"]
[Source "ChessBase"]
[SourceDate "2014.11.20"]
[SourceVersion "1"]
[SourceVersionDate "2014.11.20"]
[SourceQuality "1"]

1. e4 e5 2. Bc4 Nf6 3. Nc3 c6 4. Nf3 d5 5. exd5 cxd5 6. Bb5+ Nc6 7. Nxe5 Qe7 8. Qe2 Bd7 9. Nxd7 Qxe2+ 10. Nxe2 Nxd7 11. 0-0 0-0-0 12. Bxc6 bxc6 13. d3 Bd6 14. Nd4 Kc7 15. Be3 Nb6 16. Rfe1 Rhe8 17. Nf5 Be5 18. c3 Kb7 19. Re2 Re6 20. Rae1 Rde8 21. d4 Bf6 22. Kf1 Nc4 23. Bf4 Rxe2 24. Rxe2 Rxe2 25. Kxe2 Nxb2 26. Nd6+ Kb6 27. Nxf7 Nc4 28. Kd3 Nb2+ 29. Kc2 Nc4 30. Nd6 Nxd6 31. Bxd6 Kb7 32. Be5 Kb6 33. f4 a6 34. g4 h6 35. h4 c5 36. Kd3 c4+ 37. Ke3 Kc6 38. g5 Bxe5 39. fxe5 Kd7 40. Kf4 Ke6 41. gxh6 gxh6 42. Kg4 Kf7 43. Kf5 a5 44. a4 Ke7 45. Kg6 Ke6 46. h5 Ke7 47. Kxh6 Kf7 48. Kg5 Kg7 49. h6+ Kf7 50. e6+ Kg8 51. h7+ Kg7 52. e7 Kxh7 53. e8Q Kg7 54. Qd7+ Kg8 55. Qxd5+ Kg7 56. Qxc4 Kf8 57. d5 Ke7 58. Qc7+ Ke8 59. d6 Kf8 60. d7 1-0

[Event "Karl Mala Memorial op-B 16th"]
[Site "Frankfurt"]
[Date "2013.07.14"]
[Round "7"]
[White "Flach, Helene"]
[Black "Mook, Karl Juergen"]
[Result "1-0"]
[WhiteElo "1359"]
[BlackElo "1585"]
[PlyCount "73"]
[EventDate "2013.07.11"]
[EventType "swiss"]
[EventRounds "7"]
[EventCountry "GER"]
[SourceTitle "CBM 155 Extra"]
[Source "ChessBase"]
[SourceDate "2013.08.26"]
[SourceVersion "1"]
[SourceVersionDate "2013.08.26"]
[SourceQuality "1"]

1. e4 e5 2. Nf3 Nc6 3. Bc4 Bc5 4. d3 h6 5. Nc3 d6 6. Be3 Bb6 7. Qe2 Nf6 8. 0-0-0 0-0 9. h3 Na5 10. g4 Nxc4 11. dxc4 Re8 12. Rhg1 Nh7 13. h4 Bxe3+ 14. Qxe3 Re6 15. Rg2 c6 16. Rdg1 Rg6 17. h5 Re6 18. g5 hxg5 19. Nxg5 Nxg5 20. Rxg5 Qf6 21. Qg3 Qh6 22. Kb1 g6 23. hxg6 Rxg6 24. Rxg6+ Qxg6 25. Qh2 Be6 26. Rxg6+ fxg6 27. b3 Rf8 28. Ne2 Kg7 29. f4 Rh8 30. Qg3 Rh3 31. Qg5 Rh5 32. Qe7+ Bf7 33. fxe5 Rxe5 34. Qxb7 Rxe4 35. Nc3 Re6 36. Qxa7 c5 37. Qc7 1-0

[Event "Main Vogelsberg op 8th"]
[Site "Hanau"]
[Date "2013.06.02"]
[Round "7"]
[White "Neuhaus, Joachim"]
[Black "Mook, Karl Juergen"]
[Result "1-0"]
[WhiteElo "1389"]
[BlackElo "1312"]
[PlyCount "117"]
[EventDate "2013.05.30"]
[EventType "swiss"]
[EventRounds "7"]
[EventCountry "GER"]
[SourceTitle "EXT 2014"]
[Source "ChessBase"]
[SourceDate "2013.11.20"]
[SourceVersion "1"]
[SourceVersionDate "2013.11.20"]
[SourceQuality "1"]

1. e4 e5 2. Nf3 Nc6 3. Bb5 Bc5 4. Nc3 Nd4 5. Nxe5 Nxb5 6. Nxb5 a6 7. Nc3 Bd4 8. Nf3 Bxc3 9. bxc3 d6 10. 0-0 Ne7 11. d4 0-0 12. Ba3 Re8 13. Re1 Bg4 14. h3 Bd7 15. Rb1 Bb5 16. Nd2 Rb8 17. c4 Ba4 18. Nb3 b6 19. Bb2 Ng6 20. Qg4 Bd7 21. Qg3 Qh4 22. Qxh4 Nxh4 23. Nd2 Re6 24. Kh2 Ng6 25. Rf1 Rbe8 26. Rbe1 Ba4 27. c3 Nf4 28. Re3 Bc2 29. g3 Rg6 30. Rg1 d5 31. f3 Nh5 32. cxd5 Nf6 33. c4 Ba4 34. Ra3 b5 35. c5 Nd7 36. Bc3 Nf6 37. Ba5 Rc8 38. Nb1 c6 39. d6 Nd7 40. Rg2 Rf6 41. Rf2 Nb8 42. Nc3 b4 43. Bxb4 Bb5 44. Nxb5 cxb5 45. d5 Rxd6 46. cxd6 Rc4 47. Ba5 Nd7 48. Bc7 Nc5 49. Bb6 b4 50. Ra5 Nd3 51. d7 h6 52. d8Q+ Kh7 53. Rd2 Ne1 54. Rf2 Rc3 55. f4 b3 56. axb3 Rxb3 57. Rxa6 Rb1 58. Qd7 Nd3 59. Qf5+ 1-0